| 000 | 00514cam a2200217ua 4500 | ||
|---|---|---|---|
| 020 | _c8.00 | ||
| 041 |
_amal _h |
||
| 082 |
_a534 _bHAR/SA |
||
| 100 | _aHariharan, S . | ||
| 245 |
_aSabdam / _cS Hariharan. _hTextual Documents |
||
| 250 |
_a1 / _b. |
||
| 260 |
_aThiruvananthapuram : _bState Instititute of Languages , _c1973. |
||
| 300 | _a256 ; . | ||
| 365 | _a8.00 | ||
| 504 | _a | ||
| 942 | _cBK | ||
| 999 |
_c6210 _d6210 |
||